| 000 | 00632cam a22002531 4500 | ||
|---|---|---|---|
| 001 | sa 65007691 | ||
| 003 | DLC | ||
| 005 | 20260227112150.0 | ||
| 008 | 901012s1962 ii 000 0 urdr | ||
| 010 | _asa 65007691 | ||
| 035 | _a(OCoLC)22503891 | ||
| 040 |
_aDLC _cWaU _dDLC |
||
| 042 | _apremarc | ||
| 043 | _aa-ii--- | ||
| 050 | 0 | 0 |
_aCT1506 _b.S5 |
| 100 | 1 |
_aṢīddīqī, Rashīd Aḥmad, _d1894-1977. |
|
| 245 | 1 | 0 | _aGanjhāʼe girānmāyah. |
| 260 | _c[1962] | ||
| 300 |
_a302 p. _c19 cm. |
||
| 500 | _aIn Urdu. | ||
| 500 | _aText partially vocalized. | ||
| 651 | 0 |
_aIndia _vBiography. |
|
| 650 | 0 |
_aMuslims _zIndia. |
|
| 999 |
_c65296 _d65296 |
||